000 00841cam a22001815a 4500
001 ##L134289
008 060724s1948 xxk 000 0 eng u
035 _a(Sirsi) u134289
041 0 _aeng
050 0 4 _a333.0062 $2 18
110 2 _aNational Association of Auctioneers, House Agents, Rating Surveyors and Valuers
_94989
245 0 0 _aAnnual general meeting
260 _a[S.l.]
_b[s.n.]
_c1948
300 _a8p.
_c22cm.
520 _aPamphlet giving notice of the Association's annual general meeting that took place at their headquarters in London on 20 January 1949 at 2.30pm. Includes the agenda, the report of the Executive Council, the revenue account and balance sheet for the year ended 31 August 1948, and the statement of account of the Benevolent Fund.
690 _aPROPERTY-PROPERTY VALUATION AND APPRAISAL
942 _n0
999 _c105637
_d105637